000
00298nam a2200133Ia 4500
003
OSt
005
20220107122718.0
008
130620s9999 xx 000 0 und d
040
_c
IIITM-K
100
_a
Joy Mathews
_9
1058
245
_a
Map viewer
650
_a
WEB DEVELOPMENT
_9
1059
942
_2
ddc
_c
PR
999
_c
3099
_d
3099